000 00202nam a2200073Ia 4500
008 170817s9999 xx 000 0 und d
100 _aKulshreshtha.Indira
245 0 _aImage Of Women & Curriculum In Mother Tongue
260 _bN.C.E.R.T
999 _c38123
_d38123